00539nai a2200157Ia 4500003000900000008004100009022002200050022002300072040001600095245004400111260003400155310001400189362002500203521006900228856008400297IN-BaIIA211028c9999 xx s 000 0 eng d a1755-098X (Print) a1755-0998 (Online) cIIA Library 0aMolecular Ecology Resourcesh[eJournal] aNew JerseybJohn Wiley & Sons aBimonthly a1(1); 2001 - Present bSubscribed through National Knowledge Resource Consortium (NKRC) uhttps://onlinelibrary.wiley.com/journal/17550998yClick Here to Access eJournal